000 00202 a2200097 4500
001 3941
100 _aMargenan, H
245 _aMaths of physics & chemistry
260 _a
_bVan
_c
090 _c3171
_d3171
942 _aNUST-CAE
_cM
_c24125
999 _c239014
_d239014